000 00626nam a2200205 i 4500
001 142963
003 ES-MaACL
005 20230906200656.0
007 t|
008 071011s1960 sp ||||1| spa d
100 1 _aVidalie, Albert.
_9114533
245 1 3 _aLa noche del lobo
_b: cuentos /
_cAlbert Videlie ; [traducción de Alfredo Darnell].
260 _aBuenos Aires :
_bPlaza & Janés,
_c[1960]
300 _a157 p. ;
_c19 cm.
490 1 _aDe la botella errante
700 1 _aDarnell, Alfredo.
_942740
830 0 _aDe la botella errante
_9220520
852 _aES-MaACL
_jC-24376
_bR.52900
999 _c142963
_d142963